=LDR 00000nam 2200000 4500 =001 INLIS000000000027167 =005 20130612125549 =008 ***********************************Ind** =035 ##$$a0010-061300000027167 =041 ##$$a Ind =082 ##$$a 523.101 =090 ##$$a 523.101, Maw i =100 ##$$a Mawardi =245 ##$$a IAD-ISD-IBD = ilmu alamiah dasar ilmu sosial dasar ilmu budaya dasar untuk IAIN, STAIN, PTAIS semua fakultas dan jurusan komponen MKU, Drs. Mawardi, Ir. Mur Hidayati ; editor, Maman Abd. Djakel =260 ##$$a 2004 $b Bandung =300 ##$$a 260 hlm, ilus, 22 cm =650 ##$$a Alam semesta, Ilmu =700 ##$$a Hidayati, Nur =850 ##$$a NBPNMAT =990 ##$$a 0001/BPAP-NTB/20142014